| 000 | 01185nam0a2200337 4500 | ||
|---|---|---|---|
| 001 | RU\NLR\BIBL_A\012442690 | ||
| 005 | 20210205124337.0 | ||
| 010 |
_a978-5-17-086262-7 _95000 |
||
| 021 |
_aRU _bКН-П-19-075557 _9КН-П-19-4392 |
||
| 035 | _a(NLR Aleph) 012442690 | ||
| 035 | _a(RuMoRGB)010287934 | ||
| 090 |
_a11933471 _c11933471 |
||
| 100 | _a20210128d2020 e y0rusy50 ca | ||
| 101 | 1 |
_arus _cfre |
|
| 102 | _aRU | ||
| 105 | _ay z 000ay | ||
| 181 | 0 |
_ai _baxxe |
|
| 182 | 0 | _an | |
| 200 | 1 |
_aПравда о деле Гарри Квеберта _eроман _fЖоэль Диккер _gперевод с французского Ирины Стаф |
|
| 203 |
_aТекст _bвизуальный _cнепосредственный |
||
| 210 |
_aМосква _cАСТ _cCorpus _d2020 |
||
| 215 |
_a718 с. _d22 |
||
| 309 | _aВ вып. дан. и на корешке: 444 | ||
| 333 | _a16+ | ||
| 686 | 1 | _aШ6(4Ш)267-4(Лх1410) | |
| 700 | 1 |
_7ca _8rus _aДиккер _bЖ. _f1985- _gЖоэль _9179495 _3RU\NLR\AUTH\770179546 |
|
| 942 | _cBOOK | ||
| 980 | _aNB | ||